00639nam a22002177a 4500003000500000005001700005008004100022010001000063011001000073035001000083040000900093082001600102110007600118245006100194260004400255300001900299490002400318650002600342700002900368830002400397CHAP20220817042401.0971013s1970 r 00010 d a42965 a43937 a48074 cCHAP a526.982bM4 aMéxico. Dirección General de Educación Tecnológica Agropecuaria aManual para uso de fotografías aéreas en dasonomía aMéxico, D.F. :bLa Dirección,c1970 a120 p.b: ilus aPublicaciónv; 1614aFotografía aérea.0 aMoncayo Ruiz, Francisco.0 aPublicaciónv; 16